| 000 | 01637nam a2200433 i 4500 | ||
|---|---|---|---|
| 001 | ELB67579 | ||
| 003 | FlNmELB | ||
| 006 | m o d | | ||
| 007 | cr cnu|||||||| | ||
| 008 | 170728s2016 cl o 001 0 spa d | ||
| 020 | _z9789560103727 | ||
| 020 | _a9781512937893 (e-book) | ||
| 035 | _a(MiAaPQ)EBC4850275 | ||
| 035 | _a(Au-PeEL)EBL4850275 | ||
| 035 | _a(CaPaEBR)ebr11379805 | ||
| 035 | _a(OCoLC)1105913268 | ||
| 040 |
_aFINmELB _bspa _erda _cFINmELB |
||
| 050 | 4 |
_aHV6626 _bV795 2016 |
|
| 080 | _a36 | ||
| 082 | 0 |
_a362.8292 _223 |
|
| 245 | 0 | 0 |
_aViolencias : _bun desafío para el Chile de hoy / _cOriana Arellano Faúndez, Paulina Gaspar Candia (eds.). |
| 264 | 1 |
_aSantiago de Chile : _bRIL editores, _c[2016] |
|
| 300 | _a1 recurso en línea (168 páginas) | ||
| 336 |
_atexto _btxt _2rdacontent/spa |
||
| 337 |
_acomputadora _bc _2rdamedia/spa |
||
| 338 |
_arecurso en línea _bcr _2rdacarrier/spa |
||
| 500 | _aContiene índice. | ||
| 588 | _aDescripción basada en recurso en línea; Título de la página del título en PDF (e-libro, visto July 28, 2017). | ||
| 590 | _aRecurso electronico. Santa Fe, Arg. : e-libro, 2016. Disponible via World Wide Web. El acceso puede ser limitado para las bibliotecas afiliadas a e-libro. | ||
| 650 | 0 |
_aFamily violence _zChile. |
|
| 650 | 4 |
_aViolencia familiar _zChile. |
|
| 650 | 0 |
_aViolence _zChile. |
|
| 650 | 4 |
_aViolencia _zChile. |
|
| 655 | 4 | _aLibros electrónicos. | |
| 700 | 1 |
_aArellano Faúndez, Oriana, _eeditora. |
|
| 700 | 1 |
_aGaspar Candia, Paulina, _eeditora. |
|
| 797 | 2 | _ae-libro, Corp. | |
| 856 | 4 | 0 | _uhttps://elibro.net/ereader/usam/67579 |
| 999 |
_c134911 _d134911 |
||